|
|
|
|
| LEADER |
00000nkmaa2200000 a 4500 |
| 001 |
vtls011880906 |
| 003 |
SK-MaSNL |
| 005 |
20260302022621.0 |
| 007 |
kh bo |
| 008 |
230802e1891 xx | ||00 k|slo |
| 035 |
|
|
|a urn:nbn:sk:snk-km00ej0r
|
| 035 |
|
|
|a urn:nbn:sk:snk-km45wgh
|
| 035 |
|
|
|a EE463156-AE93-4B74-9C52-E2B3596214CC
|
| 040 |
|
|
|a SNKLA
|b slo
|c SNKLA
|e AACR2
|
| 041 |
0 |
|
|a slo
|
| 044 |
|
|
|a xx
|
| 245 |
0 |
0 |
|a [Ivan Daxner s manželkou Ľudmilou]
|h grafika
|
| 260 |
|
|
|a [S.l.
|b s.n.]
|c 1891
|
| 300 |
|
|
|a 1 fotografia
|b čiernobiela
|c 17 x 11 cm
|
| 520 |
2 |
|
|a Zobrazenie: Ivan Daxner s manželkou Ľudmilou, rod. Jesenskou, 27. september 1891.
|
| 600 |
1 |
7 |
|a Daxner, Ivan,
|d 1860-1935
|2 SNKMA
|9 182106
|
| 600 |
1 |
7 |
|a Daxnerová, Ľudmila,
|d 1863-1941
|2 SNKMA
|9 263557
|
| 655 |
|
7 |
|a fotografie
|2 SNKPH
|9 70713
|
| 852 |
7 |
|
|a Slovenská národná knižnica
|b Literárny archív
|
| 958 |
|
|
|a ZO
|
| 958 |
|
|
|a BLA
|
| 999 |
|
|
|c 1033448
|d 1035378
|
| 952 |
|
|
|a SNKLA
|b SNKLA
|c SNKLA_DEP
|y NEVYP
|7 0
|p 17A1309859
|o snkSD 3/93
|i snkLA 1052/1971
|0 0
|1 0
|4 0
|d 2019-08-08
|f 1
|l 0
|r 2026-02-24 14:00:59
|w 2026-02-24
|